[Event "Box Hill Autumn Cup"]
[Site "Box Hill"]
[Date "2000.03.17"]
[Round "7.15"]
[White "Kloprogge, Joe"]
[Black "Lycett, Garry"]
[Result "1-0"]
[WhiteElo "1313"]
[BlackElo "1514"]
[PlyCount "59"]
[EventDate "2000.??.??"]
[EventType "swiss"]
[EventRounds "9"]
[EventCountry "AUS"]
[SourceTitle "EXT 2003"]
[Source "ChessBase"]
[SourceDate "2002.11.25"]
[SourceVersion "1"]
[SourceVersionDate "2002.11.25"]
[SourceQuality "1"]

1. e4 c5 2. Bc4 Nc6 3. Nf3 e6 4. d4 cxd4 5. Nxd4 Nf6 6. Nxc6 bxc6 7. Nc3 Bb4 8. Bg5 Bxc3+ 9. bxc3 h6 10. Bxf6 Qxf6 11. Qd4 Qg5 12. g3 0-0 13. Qd6 Qa5 14. Kd2 Ba6 15. Bxa6 Qxa6 16. Rhb1 Qa5 17. Rb7 Rfd8 18. a3 f5 19. Re1 fxe4 20. Rxe4 Qd5+ 21. Rd4 Qf5 22. f4 Qh3 23. Rxd7 Qxh2+ 24. Kc1 Rxd7 25. Qxd7 Qxg3 26. Qxe6+ Kh7 27. Qe5 Qg6 28. f5 Qh5 29. Rd7 Re8 30. Qxg7# 1-0